| 000 | 00391nam a2200169Ia 4500 | ||
|---|---|---|---|
| 008 | 230711s9999||||xx |||||||||||||| ||und|| | ||
| 020 | _a978-81-219-0413-1 | ||
| 041 | _aENG | ||
| 082 |
_a539.7 _bGH-N |
||
| 100 | _aGhosal,S.N | ||
| 245 | 0 | _aNuclear Physics | |
| 250 | _a1st Ed. | ||
| 260 |
_c2016 _aNew Delhi _bS.Chand & Company Ltd |
||
| 300 | _a845p. | ||
| 650 | _aPhysics | ||
| 942 | _cBK | ||
| 999 |
_c6776 _d6776 |
||